| 000 | 00672nam a2200193Ia 4500 | ||
|---|---|---|---|
| 005 | 20251020182533.0 | ||
| 008 | 200515s9999 xx 000 0 und d | ||
| 082 | _a712.364/R88 | ||
| 245 | 0 | _aTodas las plantas del jardín | |
| 260 | _aBarcelona | ||
| 260 | _c1999 | ||
| 300 | _aRoyal Horticultural Society | ||
| 500 | _a1 ejemplar | ||
| 520 | _aUna guía rápida de plantas le recomienda un listado completo para cada situación: plantas para lugares difíciles, soluciones sencillas para maceteros, especies para arriates estivales y extraordinarias variedades de frutos y hortalizas | ||
| 650 | _aJARDINES | ||
| 650 | _aLIB | ||
| 650 | _aPLANTAS | ||
| 942 | _cLIB | ||
| 999 |
_c2132 _d2132 |
||